[Event "24th ch-EUR Indiv w 2024"]
[Site "Rhodes GRE"]
[Date "2024.04.22"]
[Round "4.35"]
[White "Mgeladze, Kesaria"]
[Black "Klek, Hanna Marie"]
[Result "1/2-1/2"]
[WhiteTitle "WFM"]
[BlackTitle "WGM"]
[WhiteElo "2094"]
[BlackElo "2294"]
[WhiteFideId "13621130"]
[BlackFideId "24670057"]
[EventDate "2024.04.19"]

1. e4 c6 2. Nf3 d5 3. Nc3 Bg4 4. h3 Bxf3 5. Qxf3 e6 6. g3 Nd7 7. Qe3 Qa5 8. Bg2
Ngf6 9. O-O Bd6 10. d4 dxe4 11. Nxe4 Nxe4 12. Qxe4 Nf6 13. Qe2 O-O 14. c4 Rfe8
15. Bd2 Bb4 16. Bf4 Bf8 17. a3 Qb6 18. Rfd1 a5 19. Rab1 a4 20. Be3 Qa6 21. Qc2
Rad8 22. b4 axb3 23. Rxb3 Rd7 24. Rdb1 e5 25. dxe5 Rxe5 26. Qb2 Ra5 27. Bf1 Bxa3
28. Rxb7 Rxb7 29. Qxb7 Qxb7 30. Rxb7 Kf8 31. Rc7 c5 32. Bg2 Bb4 33. Bc6 Bc3 34.
Bf4 Ra1+ 35. Kg2 Rd1 36. Bf3 Rd7 37. Rxc5 h6 38. Rc8+ Ke7 39. c5 g5 40. c6 Rd8
41. Rxd8 Kxd8 42. Bd6 Ne8 43. Bf8 Bg7 44. Bxg7 Nxg7 45. Bd5 f6 46. Kf3 Kc7 47.
Ke3 Nf5+ 48. Ke4 Ne7 49. Kd4 Kd6 50. Bg2 h5 51. Bh1 h4 52. gxh4 Nf5+ 53. Kc4
Nxh4 54. Kb5 Kc7 55. Be4 f5 56. Bc2 Nf3 57. Kc5 g4 58. Bxf5 gxh3 59. Be4 Ng5 60.
Bd5 h2 61. f4 Ne6+ 62. Kc4 1/2-1/2

[Event "24th ch-EUR Indiv w 2024"]
[Site "Rhodes GRE"]
[Date "2024.04.22"]
[Round "4.36"]
[White "Kubicka, Anna"]
[Black "Pirvulescu, Ekaterina"]
[Result "1-0"]
[WhiteTitle "WIM"]
[BlackTitle "WFM"]
[WhiteElo "2292"]
[BlackElo "2044"]
[WhiteFideId "1152254"]
[BlackFideId "13506374"]
[EventDate "2024.04.19"]

1. e4 c5 2. Nf3 e6 3. d4 cxd4 4. Nxd4 Nc6 5. Nc3 Qc7 6. Be3 a6 7. Qf3 Nf6 8.
O-O-O Ne5 9. Qg3 b5 10. a3 d6 11. f4 Neg4 12. Bg1 h5 13. h3 Nh6 14. e5 dxe5 15.
fxe5 Nd7 16. Nxe6 fxe6 17. Qg6+ Ke7 18. Bf2 Nf5 19. Qxf5 Nxe5 20. Bh4+ Ke8 21.
Nxb5 axb5 22. Bxb5+ Bd7 23. Qxe6+ 1-0

[Event "24th ch-EUR Indiv w 2024"]
[Site "Rhodes GRE"]
[Date "2024.04.22"]
[Round "4.37"]
[White "Szente Varga, Fruzsina"]
[Black "Lach, Aleksandra"]
[Result "0-1"]
[WhiteTitle "WFM"]
[BlackTitle "WIM"]
[WhiteElo "2025"]
[BlackElo "2292"]
[WhiteFideId "712264"]
[BlackFideId "1134299"]
[EventDate "2024.04.19"]

1. e4 c5 2. Nc3 a6 3. g3 b5 4. Bg2 Bb7 5. d3 e6 6. Nh3 Nc6 7. O-O Nd4 8. f4 Be7
9. Be3 b4 10. Nb1 Qb6 11. Nd2 Nf6 12. c3 Nc6 13. Nc4 Qc7 14. e5 Nd5 15. Bd2 Nb6
16. Ne3 g6 17. Rc1 a5 18. d4 bxc3 19. bxc3 c4 20. Rb1 Rb8 21. Nf2 f5 22. exf6
Bxf6 23. Ne4 O-O 24. Nxf6+ Rxf6 25. Qg4 Ne7 26. Bxb7 Rxb7 27. Qg5 Nbd5 28. Ng4
Rf8 29. Nh6+ Kg7 30. Rxb7 Qxb7 31. g4 Nf6 32. f5 Qd5 33. Bf4 Nc6 34. Qh4 Nxd4
35. cxd4 Qxd4+ 36. Kh1 Qe4+ 37. Kg1 Nd5 38. Bg5 exf5 39. gxf5 Qxh4 40. Bxh4 Kxh6
41. f6 c3 42. Be1 Rc8 43. Rf3 g5 44. f7 c2 45. Bd2 Kg7 46. Kf2 Nf4 47. Bc1 Kxf7
48. h4 h6 49. hxg5 hxg5 0-1

[Event "24th ch-EUR Indiv w 2024"]
[Site "Rhodes GRE"]
[Date "2024.04.22"]
[Round "4.38"]
[White "Schulze, Lara"]
[Black "Donghvani, Nia"]
[Result "1-0"]
[WhiteTitle "FM"]
[WhiteElo "2290"]
[BlackElo "2028"]
[WhiteFideId "12956830"]
[BlackFideId "13614649"]
[EventDate "2024.04.19"]

1. e4 c5 2. Nc3 d6 3. d4 cxd4 4. Qxd4 Nc6 5. Qd2 e6 6. b3 Nf6 7. Bb2 d5 8. exd5
exd5 9. O-O-O Be6 10. Kb1 a6 11. f3 Qc7 12. Bd3 d4 13. Ne4 Nd5 14. Ne2 Bb4 15.
Qg5 f6 16. Qh5+ g6 17. Qh4 O-O-O 18. Bc4 g5 19. Qf2 Nc3+ 20. N4xc3 Bxc4 21. Nxd4
Bf7 22. Ne4 Rhf8 23. Nxc6 Qxc6 24. Nxf6 Bg6 25. Ng4 Qb5 26. Ne5 Bf5 27. a4 Qa5
28. Nc4 Qc5 29. Qxc5+ Bxc5 30. Rhe1 Bb4 31. Rxd8+ Rxd8 32. Re2 g4 33. fxg4 Bxg4
34. Re4 Bf5 35. Nb6+ Kc7 36. Rxb4 1-0

[Event "24th ch-EUR Indiv w 2024"]
[Site "Rhodes GRE"]
[Date "2024.04.22"]
[Round "4.39"]
[White "Stefanova, Antoaneta"]
[Black "Gaboyan, Susanna"]
[Result "0-1"]
[WhiteTitle "GM"]
[BlackTitle "WIM"]
[WhiteElo "2447"]
[BlackElo "2192"]
[WhiteFideId "2902257"]
[BlackFideId "13303627"]
[EventDate "2024.04.19"]

1. d4 Nf6 2. Nf3 g6 3. c4 Bg7 4. g3 O-O 5. Bg2 c6 6. Nc3 d5 7. cxd5 cxd5 8. Ne5
Nc6 9. Nxc6 bxc6 10. O-O Nd7 11. Be3 e5 12. dxe5 Nxe5 13. Bd4 Re8 14. Rc1 Bf5
15. Qa4 Qd7 16. Rfd1 Bh3 17. Bh1 Bh6 18. Ra1 Qg4 19. f3 Qh5 20. Bf2 Rac8 21. Rd4
g5 22. g4 Qg6 23. Rb4 Bf8 24. Rb7 h5 25. gxh5 Qxh5 26. Qxa7 Bd6 27. Bg3 Ra8 28.
Qd4 Reb8 29. Rxb8+ Bxb8 30. Na4 Qh8 31. Qb4 Nc4 32. Rd1 Bxg3 33. hxg3 Qe5 34.
Qe1 Rxa4 35. b3 Rxa2 36. f4 Qe3+ 37. Qf2 Rxe2 38. Qxe3 Nxe3 39. Ra1 0-1

[Event "24th ch-EUR Indiv w 2024"]
[Site "Rhodes GRE"]
[Date "2024.04.22"]
[Round "4.40"]
[White "Dornbusch, Tatiana"]
[Black "Tsolakidou, Stavroula"]
[Result "0-1"]
[WhiteTitle "WGM"]
[BlackTitle "IM"]
[WhiteElo "2199"]
[BlackElo "2424"]
[WhiteFideId "14107449"]
[BlackFideId "4264312"]
[EventDate "2024.04.19"]

1. d4 Nf6 2. Nf3 g6 3. g3 Bg7 4. Bg2 O-O 5. O-O d6 6. c4 Nbd7 7. Nc3 e5 8. e4
exd4 9. Nxd4 Re8 10. Be3 Nc5 11. f3 a5 12. Qd2 c6 13. Rfd1 Nfd7 14. Nb3 Ne6 15.
Qxd6 a4 16. Nd4 Ne5 17. Qxd8 Rxd8 18. Nxe6 Bxe6 19. Rxd8+ Rxd8 20. Rd1 Rxd1+ 21.
Nxd1 Nxc4 22. Bc1 Ne5 23. b3 Nd3 24. Bd2 axb3 25. axb3 Bxb3 26. Ne3 Bd4 27. Bf1
Nb2 28. Kg2 b5 29. f4 b4 30. Bc1 Nd1 31. Kf3 c5 32. Nc4 Nc3 33. Bd3 Bd1+ 34. Kg2
b3 35. Bb2 Bc2 36. Bxc2 bxc2 37. Na3 Na2 0-1

[Event "24th ch-EUR Indiv w 2024"]
[Site "Rhodes GRE"]
[Date "2024.04.22"]
[Round "4.41"]
[White "Mkrtchyan, Mariam"]
[Black "Terbe, Zsuzsanna"]
[Result "1/2-1/2"]
[WhiteTitle "WIM"]
[BlackTitle "WIM"]
[WhiteElo "2354"]
[BlackElo "2174"]
[WhiteFideId "13310828"]
[BlackFideId "708801"]
[EventDate "2024.04.19"]

1. d4 d5 2. Nf3 Nf6 3. Bf4 c5 4. e3 Nc6 5. Nbd2 e6 6. c3 Nh5 7. Bg5 f6 8. Bh4
cxd4 9. cxd4 g6 10. Bd3 Be7 11. g4 Ng7 12. Bg3 Bd7 13. a3 O-O 14. h3 Qb6 15. Qb3
Rfc8 16. Qxb6 axb6 17. Bb5 Be8 18. Ke2 Na5 19. Bxe8 Nxe8 20. Rhc1 b5 21. Ne1 Nc4
22. Nd3 b6 23. Rc2 Kf7 24. Rac1 g5 25. Nb1 Bd6 26. Bxd6 Ncxd6 27. Rxc8 Rxc8 28.
Rxc8 Nxc8 29. Kd2 Ned6 30. Nc3 Ke7 31. f3 Kd7 32. e4 Ne7 33. Ke3 dxe4 34. fxe4
Nc6 35. b3 Na5 36. e5 fxe5 37. dxe5 Nf7 38. Nc1 b4 39. axb4 Nc6 40. Ne4 h6 41.
Nd3 Ncxe5 42. b5 Nxd3 43. Kxd3 Ke7 44. Kd4 Kd7 45. Nc3 Kd6 46. Na4 Kc7 47. Nc3
Kd6 48. Na4 Kc7 49. Nc3 1/2-1/2

[Event "24th ch-EUR Indiv w 2024"]
[Site "Rhodes GRE"]
[Date "2024.04.22"]
[Round "4.42"]
[White "Houska, Jovanka"]
[Black "Eric, Jovana"]
[Result "1/2-1/2"]
[WhiteTitle "IM"]
[BlackTitle "WGM"]
[WhiteElo "2340"]
[BlackElo "2162"]
[WhiteFideId "405094"]
[BlackFideId "938238"]
[EventDate "2024.04.19"]

1. d4 d5 2. c4 c6 3. cxd5 cxd5 4. Nf3 Nf6 5. Nc3 Nc6 6. Bf4 a6 7. Rc1 Bf5 8. e3
e6 9. Be2 Bd6 10. Bxd6 Qxd6 11. O-O O-O 12. Na4 Nd7 13. Nc5 Nxc5 14. Rxc5 Rfc8
15. Qb3 Qd7 16. Qb6 f6 17. Rfc1 Bg6 18. Nd2 Be8 19. a4 Qd8 20. Qxd8 Rxd8 21. Nb3
Kf7 22. f4 1/2-1/2

[Event "24th ch-EUR Indiv w 2024"]
[Site "Rhodes GRE"]
[Date "2024.04.22"]
[Round "4.43"]
[White "Ciolacu, Alessia-Mihaela"]
[Black "Radeva, Viktoria"]
[Result "1/2-1/2"]
[WhiteTitle "WIM"]
[BlackTitle "WGM"]
[WhiteElo "2188"]
[BlackElo "2315"]
[WhiteFideId "1252640"]
[BlackFideId "2915405"]
[EventDate "2024.04.19"]

1. d4 e6 2. c4 f5 3. Nf3 Nf6 4. g3 Be7 5. Bg2 d5 6. O-O Ne4 7. b3 Nc6 8. Bb2 h5
9. Nc3 h4 10. a3 hxg3 11. hxg3 Bf6 12. b4 g5 13. Nxe4 dxe4 14. Ne5 Qd6 15. b5
Nxe5 16. c5 Qd7 17. dxe5 Be7 18. Qxd7+ Bxd7 19. c6 bxc6 20. bxc6 Bxc6 21. Rac1
Kd7 22. g4 Rhb8 23. gxf5 Rxb2 24. fxe6+ Kxe6 25. Rxc6+ Kxe5 26. Rxc7 Bxa3 27.
Ra1 Bd6 28. Ra5+ Kf6 29. Rcxa7 Rxa7 30. Rxa7 Rxe2 31. Kf1 Rb2 32. Bxe4 Bc5 33.
Ra6+ Ke5 34. f3 Kf4 35. Rc6 Bd4 36. Rc2 Rb3 37. Bc6 Rc3 38. Rxc3 Bxc3 1/2-1/2

[Event "24th ch-EUR Indiv w 2024"]
[Site "Rhodes GRE"]
[Date "2024.04.22"]
[Round "4.44"]
[White "Heinemann, Josefine"]
[Black "Ivan-Gal, Hanna Krisztina"]
[Result "1/2-1/2"]
[WhiteTitle "WGM"]
[BlackTitle "WFM"]
[WhiteElo "2303"]
[BlackElo "2161"]
[WhiteFideId "12900460"]
[BlackFideId "711861"]
[EventDate "2024.04.19"]

1. e4 c5 2. Nf3 e6 3. d4 cxd4 4. Nxd4 Nc6 5. Nc3 Qc7 6. Be3 a6 7. Qd2 Nf6 8.
O-O-O Be7 9. f4 b5 10. e5 b4 11. exf6 bxc3 12. Qxc3 Bxf6 13. g4 h6 14. h4 Bb7
15. Rh2 Qd6 16. Rf2 Rc8 17. Nb5 Qxd1+ 18. Kxd1 Bxc3 19. Nd6+ Kf8 20. Nxc8 Bxc8
21. Bc5+ Ke8 22. bxc3 Ne7 23. Bd3 Bb7 24. Kd2 f6 25. Rf1 Kf7 26. Bd4 Bc6 27.
Bxa6 Ra8 28. Bc4 h5 29. gxh5 Nf5 1/2-1/2

[Event "24th ch-EUR Indiv w 2024"]
[Site "Rhodes GRE"]
[Date "2024.04.22"]
[Round "4.45"]
[White "Rudzinska, Michalina"]
[Black "Tsirulnik, Maritsa"]
[Result "1-0"]
[WhiteTitle "WIM"]
[WhiteElo "2302"]
[BlackElo "2082"]
[WhiteFideId "1172883"]
[BlackFideId "14118688"]
[EventDate "2024.04.19"]

1. e4 c5 2. Nf3 Nc6 3. d4 cxd4 4. Nxd4 Qb6 5. Nb3 Nf6 6. Nc3 e6 7. Bd3 a6 8. O-O
d6 9. a4 Be7 10. a5 Qc7 11. f4 Nb4 12. Be3 Bd7 13. Bb6 Qb8 14. Qe1 O-O 15. Ne2
Nxd3 16. cxd3 Bb5 17. Rf3 Nd7 18. Bf2 Qe8 19. d4 f5 20. Nc3 Bc6 21. d5 fxe4 22.
dxc6 exf3 23. Qxe6+ Qf7 24. Qxf7+ Rxf7 25. cxd7 Rd8 26. Nd5 Rxd7 27. Rc1 fxg2
28. Nd4 Bd8 29. Rc8 Rf8 30. Ne6 Re8 31. Nb6 Bxb6 32. Rxe8+ Kf7 33. Rf8+ Kxe6 34.
axb6 d5 35. Bd4 1-0

[Event "24th ch-EUR Indiv w 2024"]
[Site "Rhodes GRE"]
[Date "2024.04.22"]
[Round "4.46"]
[White "Kochavi, Dana"]
[Black "Papp, Sarah"]
[Result "1-0"]
[WhiteTitle "WFM"]
[BlackTitle "WGM"]
[WhiteElo "2084"]
[BlackElo "2296"]
[WhiteFideId "2837137"]
[BlackFideId "24606812"]
[EventDate "2024.04.19"]

1. e4 c5 2. Nf3 Nc6 3. Bb5 e6 4. O-O Nge7 5. d4 cxd4 6. Nxd4 Ng6 7. Be3 Be7 8.
Nc3 O-O 9. f4 a6 10. Be2 d6 11. Qd2 Nxd4 12. Qxd4 b5 13. a4 Bf6 14. e5 dxe5 15.
Qxd8 Rxd8 16. Bf3 exf4 17. Bb6 Bd7 18. Rfd1 Rab8 19. Bxd8 Rxd8 20. axb5 axb5 21.
Nxb5 Kf8 22. Nd6 Ne5 23. Be4 g5 24. c4 Be7 25. b3 f5 26. Bb7 g4 27. Ra8 f3 28.
Rxd8+ Bxd8 29. b4 Bg5 30. gxf3 gxf3 31. h3 Be3+ 32. Kf1 Ba4 33. Re1 f4 34. Be4
Bb3 35. Ra1 f2 36. c5 f3 37. Ra3 Bc4+ 38. Nxc4 Nxc4 39. Rxe3 Nxe3+ 40. Kxf2 Nd1+
41. Kxf3 h6 42. b5 Ke7 43. b6 Kd8 44. c6 Nb2 45. Kg4 Nc4 46. b7 Kc7 47. h4 Nd6
48. Kf4 Nf7 49. Bg2 Kb8 50. Kg4 Nd6 51. Bf3 Kc7 52. Kf4 Nf7 53. Be4 Kb8 54. Bg6
Nd8 55. Be8 Nxb7 56. cxb7 Kxb7 57. Ke5 Kb6 58. h5 Kc5 59. Bd7 Kb6 60. Bxe6 1-0

[Event "24th ch-EUR Indiv w 2024"]
[Site "Rhodes GRE"]
[Date "2024.04.22"]
[Round "4.47"]
[White "Kirtadze, Anastasia"]
[Black "Hakimifard, Ghazal"]
[Result "1/2-1/2"]
[WhiteTitle "WFM"]
[BlackTitle "WGM"]
[WhiteElo "2044"]
[BlackElo "2253"]
[WhiteFideId "13622714"]
[BlackFideId "12506540"]
[EventDate "2024.04.19"]

1. e4 c5 2. Nf3 a6 3. c3 e6 4. d4 d5 5. Nbd2 Nc6 6. Bd3 cxd4 7. cxd4 Nge7 8. e5
Bd7 9. a3 Nf5 10. Bxf5 exf5 11. Qb3 Be6 12. O-O Be7 13. Qd3 O-O 14. Nb3 b6 15.
Bd2 a5 16. Rfc1 Bd7 17. a4 Ra7 18. Ne1 Nb4 19. Bxb4 axb4 20. a5 bxa5 21. Nc5 g6
22. Qd2 Bb5 23. Ned3 Bxd3 24. Qxd3 Qb6 25. Na4 Qb7 26. Nc5 Qa8 27. Qb5 Rb8 28.
Qa4 b3 29. Nd3 Qb7 30. Rc6 Kg7 31. Kf1 Qb5 32. Qxb5 Rxb5 33. Ra4 g5 34. Ke2 Rbb7
35. Kd1 f4 36. Ke2 f6 37. Kd1 fxe5 38. dxe5 Rb5 39. Ke2 Bd8 40. g3 fxg3 41. hxg3
Rc7 42. Rxc7+ Bxc7 43. f4 gxf4 44. gxf4 Kg6 45. Kf3 Rb8 46. Nc5 Kf5 47. Na6 Rc8
48. Nxc7 Rxc7 49. Rxa5 Rc4 50. Rxd5 Rxf4+ 51. Kg3 Rg4+ 52. Kf3 Rf4+ 1/2-1/2

[Event "24th ch-EUR Indiv w 2024"]
[Site "Rhodes GRE"]
[Date "2024.04.22"]
[Round "4.48"]
[White "Rzali, Sabina"]
[Black "Lehaci, Miruna-Daria"]
[Result "1-0"]
[WhiteTitle "WCM"]
[BlackTitle "WIM"]
[WhiteElo "2039"]
[BlackElo "2242"]
[WhiteFideId "13410920"]
[BlackFideId "1234765"]
[EventDate "2024.04.19"]

1. e4 c5 2. Nc3 Nc6 3. g3 g6 4. d3 Bg7 5. Be3 d6 6. Qd2 Nf6 7. Bh6 Bxh6 8. Qxh6
Nd4 9. Qd2 e5 10. Bg2 b5 11. Nd1 Bb7 12. Ne2 d5 13. c3 Nxe2 14. Qxe2 d4 15. O-O
O-O 16. f3 Qd6 17. Nf2 Rfd8 18. Rfd1 Rac8 19. Qd2 Ba6 20. f4 Rc7 21. Rac1 Nd7
22. cxd4 cxd4 23. Rxc7 Qxc7 24. Rc1 Qb6 25. Qb4 Re8 26. Bh3 Nf8 27. Rc5 exf4 28.
gxf4 Qf6 29. Qd2 Ne6 30. Re5 Rf8 31. Bxe6 fxe6 32. Rc5 Qh4 33. Rc6 Bc8 34. Kg2
e5 35. f5 gxf5 36. Rh6 Qf4 37. Qxf4 exf4 38. Rd6 f3+ 39. Kg3 fxe4 40. dxe4 Kg7
41. Rxd4 Kf6 42. Rd5 a6 43. Kxf3 Be6 44. Rd3 b4 45. a3 Bc4 46. Rd1 bxa3 47. bxa3
Rb8 48. Kf4 Rb3 49. Rd6+ Ke7 50. Rh6 Rxa3 51. Rxh7+ Kf8 52. Ng4 a5 53. Ra7 a4
54. Ne5 Bb3 55. Ng6+ Ke8 56. h4 Bd1 57. e5 Rf3+ 58. Kg5 Bc2 59. Nf4 a3 60. e6
Bb1 61. Nh5 Re3 62. Nf6+ Kf8 63. Rf7# 1-0

[Event "24th ch-EUR Indiv w 2024"]
[Site "Rhodes GRE"]
[Date "2024.04.22"]
[Round "4.49"]
[White "Prado Acebo, Ines"]
[Black "Alexandri, Dimitra"]
[Result "1-0"]
[WhiteTitle "WFM"]
[WhiteElo "2229"]
[BlackElo "1979"]
[WhiteFideId "22251235"]
[BlackFideId "42107989"]
[EventDate "2024.04.19"]

1. d4 Nf6 2. c4 g6 3. Nc3 Bg7 4. e4 d6 5. Be2 O-O 6. Be3 e5 7. d5 Na6 8. h4 h5
9. f3 c6 10. Qd2 c5 11. Nh3 Nc7 12. Nf2 Bd7 13. g4 Qc8 14. Bg5 Nce8 15. gxh5
Nxh5 16. Be7 Nef6 17. Bxd6 Re8 18. Nd3 Ng3 19. Rg1 Nfh5 20. Bxc5 Bf6 21. Bf2
Bxh4 22. c5 Qd8 23. O-O-O Rc8 24. Kb1 a5 25. Rg2 Bh3 26. Rh2 Qd7 27. c6 bxc6 28.
Nc5 Qd6 29. Rxh3 Nxe2 30. Rxh4 Nxc3+ 31. Qxc3 cxd5 32. Rxd5 Qf6 33. Rd1 Red8 34.
Rhh1 Qf4 35. Rxd8+ Rxd8 36. Qe3 Qxe3 37. Bxe3 Ng3 38. Re1 f5 39. Bf2 f4 40. Bxg3
fxg3 41. Rg1 Rc8 42. Nd3 Re8 43. Rxg3 Kf7 44. Kc2 Kf6 45. Kd2 g5 46. Rg1 Rh8 47.
Rc1 Rh2+ 48. Ke3 Ke6 49. Rc6+ Ke7 50. Rc5 g4 51. Rxe5+ Kf6 52. Rf5+ Kg6 53. fxg4
Rh3+ 54. Kd4 1-0

[Event "24th ch-EUR Indiv w 2024"]
[Site "Rhodes GRE"]
[Date "2024.04.22"]
[Round "4.50"]
[White "Lomaia, Diana"]
[Black "Sieber, Fiona"]
[Result "0-1"]
[WhiteTitle "WFM"]
[BlackTitle "WGM"]
[WhiteElo "2005"]
[BlackElo "2222"]
[WhiteFideId "13612476"]
[BlackFideId "12902373"]
[EventDate "2024.04.19"]

1. d4 Nf6 2. c4 g6 3. g3 Bg7 4. Bg2 d5 5. cxd5 Nxd5 6. e4 Nb6 7. Ne2 c5 8. d5
O-O 9. O-O e6 10. Nec3 Na6 11. a4 exd5 12. exd5 Nc4 13. Na3 Ne5 14. h3 Nb4 15.
Kh2 Re8 16. f4 Ned3 17. Nc4 Bf5 18. Nb5 Nxc1 19. Rxc1 Bd3 20. Re1 Rxe1 21. Qxe1
Na2 22. Ne5 Nxc1 23. Qxc1 Bxb5 24. axb5 Qe8 25. Qxc5 Bxe5 26. fxe5 Qxe5 27. b4
b6 28. Qc6 Rd8 29. Qc4 Rd7 30. Qc2 Rc7 31. Qd2 0-1

[Event "24th ch-EUR Indiv w 2024"]
[Site "Rhodes GRE"]
[Date "2024.04.22"]
[Round "4.51"]
[White "Peglau, Dora"]
[Black "Mandura, Tijana"]
[Result "0-1"]
[BlackTitle "WIM"]
[WhiteElo "2002"]
[BlackElo "2218"]
[WhiteFideId "16220005"]
[BlackFideId "16500270"]
[EventDate "2024.04.19"]

1. e4 e5 2. Nf3 Nc6 3. Nc3 Nf6 4. Bc4 Nxe4 5. Nxe4 d5 6. Bd3 dxe4 7. Bxe4 Bd6 8.
O-O O-O 9. Re1 Re8 10. c3 Bg4 11. Qc2 h6 12. h3 Bd7 13. d3 f5 14. Bd5+ Kh8 15.
b4 Qf6 16. Bb2 a6 17. a3 Ne7 18. Bb3 Bc6 19. Qe2 Ng6 20. g3 f4 21. g4 e4 22.
dxe4 Rxe4 23. Qd3 Rae8 24. Bd5 Rxe1+ 25. Nxe1 Qe5 26. Bxc6 Qxe1+ 27. Rxe1 Rxe1+
28. Kh2 f3+ 29. Qxd6 cxd6 30. Bxb7 Rb1 31. Be4 Rxb2 32. Bxg6 Rxf2+ 33. Kg3 Ra2
34. Kxf3 Rxa3 35. Bd3 Rxc3 36. Ke4 Rb3 37. Bxa6 Rxb4+ 38. Kd5 Rb2 39. h4 Rd2+
40. Ke4 Kg8 41. h5 Kf7 42. Bc8 Kf6 43. Bf5 Kg5 44. Ke3 Rg2 45. Kf3 Rg1 46. Be6
d5 47. Bxd5 Rxg4 0-1

[Event "24th ch-EUR Indiv w 2024"]
[Site "Rhodes GRE"]
[Date "2024.04.22"]
[Round "4.52"]
[White "Federovski, Adi"]
[Black "Jarocka, Liwia"]
[Result "1/2-1/2"]
[BlackTitle "FM"]
[WhiteElo "1976"]
[BlackElo "2212"]
[WhiteFideId "2813777"]
[BlackFideId "21807558"]
[EventDate "2024.04.19"]

1. e4 c6 2. Nf3 d5 3. Nc3 Bg4 4. h3 Bxf3 5. Qxf3 e6 6. Be2 Bc5 7. O-O Nd7 8. Qg3
Bd4 9. d3 Ne7 10. Be3 Bxe3 11. fxe3 O-O 12. d4 f5 13. exd5 exd5 14. Bd3 Kh8 15.
Ne2 Rf6 16. Rf4 Qb6 17. b3 Raf8 18. Raf1 R8f7 19. Kh1 Qd8 20. Ng1 Nf8 21. Nf3
Ne6 22. Ne5 Rf8 23. R4f3 Qe8 24. Qe1 Ng5 25. Rf4 Ng6 26. Nxg6+ hxg6 27. c4 Nh7
28. cxd5 cxd5 29. b4 Qd7 30. Bc2 g5 31. R4f2 g6 32. Bb3 Re6 33. Re2 Nf6 34. Bc2
Kg7 35. Qg3 Nh5 36. Qxg5 Qc7 37. Rf3 Rc6 38. Bd1 Rc1 39. Re1 Qc3 40. Ref1 Qc7
41. Kg1 Nf6 1/2-1/2

[Event "24th ch-EUR Indiv w 2024"]
[Site "Rhodes GRE"]
[Date "2024.04.22"]
[Round "4.53"]
[White "Toma, Katarzyna"]
[Black "Janiashvili, Mariami"]
[Result "1-0"]
[WhiteTitle "WGM"]
[BlackTitle "WFM"]
[WhiteElo "2202"]
[BlackElo "1964"]
[WhiteFideId "1119907"]
[BlackFideId "13612077"]
[EventDate "2024.04.19"]

1. e4 d6 2. d4 Nf6 3. Nc3 e5 4. Nf3 Nbd7 5. Bc4 Be7 6. O-O O-O 7. a4 c6 8. Re1
h6 9. Ba2 Re8 10. h3 exd4 11. Nxd4 Bf8 12. a5 Nc5 13. f3 Ne6 14. Be3 Nxd4 15.
Qxd4 Be6 16. Bxe6 fxe6 17. e5 c5 18. Qa4 dxe5 19. Rad1 Qc7 20. Bf2 Rad8 21. Bg3
Rxd1 22. Nxd1 Bd6 23. Nc3 Rd8 24. Qc4 Qxa5 25. Qxe6+ Kh8 26. Bh4 Bf8 27. Bxf6
gxf6 28. Qxf6+ Bg7 29. Qf7 e4 30. Rxe4 Qa1+ 31. Kh2 Qxb2 32. Nd5 a5 33. c3 Rg8
34. Rg4 Be5+ 35. f4 Rxg4 36. hxg4 Bxc3 37. Ne7 1-0

[Event "24th ch-EUR Indiv w 2024"]
[Site "Rhodes GRE"]
[Date "2024.04.22"]
[Round "4.54"]
[White "Tsetskhladze, Mariam"]
[Black "Pavlidou, Ekaterini"]
[Result "1/2-1/2"]
[WhiteTitle "WCM"]
[BlackTitle "WIM"]
[WhiteElo "1955"]
[BlackElo "2201"]
[WhiteFideId "13623834"]
[BlackFideId "4213262"]
[EventDate "2024.04.19"]

1. e4 c5 2. Nf3 Nc6 3. d4 cxd4 4. Nxd4 Nf6 5. Nc3 e5 6. Ndb5 d6 7. Bg5 a6 8. Na3
b5 9. Nd5 Be7 10. Bxf6 Bxf6 11. c4 b4 12. Nc2 a5 13. Qf3 Bg5 14. h4 Bh6 15. g4
Bf4 16. Nxf4 Qf6 17. Bg2 Qxf4 18. Qxf4 exf4 19. e5 Ra6 20. exd6 Ne5 21. O-O-O
Bxg4 22. Rhe1 f6 23. Rd4 Kd8 24. c5 Bd7 25. Rdd1 f3 26. Bf1 Rc6 27. Rd5 Re8 28.
Kd2 Be6 29. Rdxe5 fxe5 30. Rxe5 Bd7 31. Rd5 Be6 32. Re5 Bd7 33. Rd5 1/2-1/2

[Event "24th ch-EUR Indiv w 2024"]
[Site "Rhodes GRE"]
[Date "2024.04.22"]
[Round "4.55"]
[White "Sandu, Mihaela"]
[Black "Mashchenko, Tamila"]
[Result "1-0"]
[WhiteTitle "WGM"]
[WhiteElo "2253"]
[BlackElo "1970"]
[WhiteFideId "1204327"]
[BlackFideId "14154463"]
[EventDate "2024.04.19"]

1. Nf3 c5 2. c4 Nc6 3. g3 g6 4. Bg2 Bg7 5. O-O e5 6. Nc3 Nge7 7. d3 O-O 8. a3
Rb8 9. Rb1 a6 10. Ne1 b5 11. Nc2 d6 12. Ne3 b4 13. axb4 Nxb4 14. Bd2 Be6 15.
Ned5 Nexd5 16. cxd5 Bc8 17. Ra1 Bb7 18. Qb3 Qd7 19. Qc4 Nc2 20. Ra5 Bc8 21. e3
Rb4 22. Qa2 Rb7 23. Rc1 Nb4 24. Qc4 Qg4 25. Ne4 Qd7 26. Bc3 Rb5 27. Raa1 Bb7 28.
Nd2 f5 29. e4 fxe4 30. dxe4 Qf7 31. Qe2 Bc8 32. Nc4 Qe7 33. Rf1 Bh6 34. h3 Qc7
35. Kh2 Rb8 36. h4 Bd7 37. b3 Ra8 38. Bh3 Bxh3 39. Kxh3 Qd7+ 40. Kg2 Qe7 41.
Bxb4 cxb4 42. Nb6 Ra7 43. Rxa6 Rxa6 44. Qxa6 g5 45. hxg5 Bxg5 46. Qe2 Kh8 47.
Nc4 Rg8 48. Rh1 Qf6 49. Qh5 h6 50. Qf3 Qg6 51. Qg4 Rf8 52. Ra1 Qf6 53. Ra2 Qg6
54. Ra6 h5 55. Qe2 Rf6 56. Ra1 Rf7 57. Nxd6 Rg7 58. Nf5 Rg8 59. Rh1 h4 1-0

[Event "24th ch-EUR Indiv w 2024"]
[Site "Rhodes GRE"]
[Date "2024.04.22"]
[Round "4.56"]
[White "Silva, Mariana Sofia T."]
[Black "Roebers, Eline"]
[Result "1-0"]
[WhiteTitle "WCM"]
[BlackTitle "IM"]
[WhiteElo "1980"]
[BlackElo "2367"]
[WhiteFideId "1911899"]
[BlackFideId "1058401"]
[EventDate "2024.04.19"]

1. d4 Nf6 2. c4 g6 3. g3 Bg7 4. Bg2 O-O 5. Nc3 d6 6. Nf3 Nc6 7. O-O a6 8. Bf4
Rb8 9. Rc1 Bd7 10. Qd2 Re8 11. Rfd1 b5 12. Nd5 e6 13. Nxf6+ Bxf6 14. cxb5 Rxb5
15. b3 Qb8 16. h4 a5 17. e3 a4 18. bxa4 Rb4 19. Nh2 Rb6 20. Ng4 Be7 21. Bg5 Qd8
22. a5 Ra6 23. Qe2 Nb8 24. Bxe7 Qxe7 25. Rxc7 Rxa5 26. Rb1 h5 27. Rxb8 hxg4 28.
Rbb7 1-0